| 000 | 01259nac a22002771u 4500 | ||
|---|---|---|---|
| 010 | _a 98044552 | ||
| 020 | _a052164254X | ||
| 020 | _a0521645204 (pbk.) | ||
| 082 | 0 | 0 |
_a658.514 _bMOW |
| 090 |
_c5546 _d5546 |
||
| 100 | _aMowery, David C.[ed.] | ||
| 245 | 0 | 0 |
_aSources of industrial leadership : _bstudies of seven industries / _cedited by David C. Mowery, Richard R. Nelson. |
| 260 |
_aCambridge, UK ; _aNew York : _bCambridge University Press, _c1999. |
||
| 300 |
_aviii, 401 p. : _bill. ; _c24 cm. |
||
| 500 | _aNine original essays arising from a project supported by the Center for Economic Policy Research at Stanford University ... [et al.]. | ||
| 500 | _aDistributer : Al-Ahram. | ||
| 504 | _aIncludes bibliographical references and index. | ||
| 511 | _aCatalogued By : Mahitab. | ||
| 650 | 0 |
_aTechnological innovations _xManagement. |
|
| 650 | 0 |
_aIndustries _xTechnolgical innovations _xCase studies. |
|
| 650 | 0 | _aComparative advantage (International trade) | |
| 700 | 1 | _aNelson, Richard R. | |
| 856 | 4 | 2 |
_3Publisher description _uhttp://www.loc.gov/catdir/description/cam029/98044552.html |
| 856 | 4 | 2 |
_3Table of contents _uhttp://www.loc.gov/catdir/toc/cam025/98044552.html |
| 942 |
_cBB _k658.514MOW |
||
| 999 |
_c5546 _d5546 |
||